000 00251pam a2200133 a 4500
020 _c
041 _h
100 _aS. V. Sohoni
245 _aA New Approach Dictionary
260 _c1995
300 _a1007
653 _aDictionary
930 _a913
999 _c246766
_d246766